| 000 | 00459nam a2200157Ia 4500 | ||
|---|---|---|---|
| 008 | 151213s9999 xx 000 0 und d | ||
| 100 | _aSH. Shaukat Mahmood , SH. Nadem Shaukat | ||
| 245 |
_aThe Specific Relief Act _cSH. Shaukat Mahmood , SH. Nadem Shaukat |
||
| 250 | _a17th | ||
| 260 |
_aPakistan _bLegal Research Centre _c1997 |
||
| 300 | _a5904 p. | ||
| 650 | _aLaw | ||
| 650 | _aLaw | ||
| 700 | _aSH. Shaukat Mahmood , SH. Nadem Shaukat | ||
| 999 |
_c3416 _d3416 |
||